| 000 | 01482 a2200289 4500 | ||
|---|---|---|---|
| 003 | Nust | ||
| 005 | 20221024132144.0 | ||
| 010 | _a 2004103117 | ||
| 020 | _a3540210962 (pbk. : alk. paper) | ||
| 035 | _a(DLC) 2004103117 | ||
| 040 | _cNust | ||
| 082 | _a621,NAK | ||
| 100 | 1 |
_aNakamura, M. _9101250 |
|
| 245 | 1 | 0 |
_aMechatronic servo system control : _bproblems in industries and their theoretical solutions / _cM. Nakamura, S. Goto, N. Kyura ; translated by Tao Zhang. |
| 260 |
_aBerlin ; _aNew York : _bSpringer, _cc2004. |
||
| 300 |
_axvi, 196 p. : _bill. ; _c24 cm. |
||
| 440 | 0 |
_aLecture notes in control and information sciences ; _v300 |
|
| 505 | _aOutline of Mechatronic Servo Systems (Page-1), Mathematical Model Construction of a Mechatronic Servo Systems (Page-17), Discrete Time Interval of a Mechatronic Servo Systems (Page-53), Quantization Error of A Mechatronic Servo Systems (Page-79), Torque Saturation of a Mechatronic Servo Systems (Page-97), The Midfield Thought Data Methods (Page-121), Master Slave Synchronous Positioning Control (Page-149). | ||
| 650 | 0 |
_aManufacturing processes _xAutomation. |
|
| 650 | 0 | _aMechatronics. | |
| 650 | 0 | _aServomechanisms. | |
| 700 | 1 |
_aGot寬 S. _9101251 |
|
| 700 | 1 |
_aKy嵲a, N. _9101252 |
|
| 856 | 4 | 2 |
_3Publisher description _uhttp://www.loc.gov/catdir/enhancements/fy0813/2004103117-d.html |
| 856 | 4 | 2 |
_3Table of contents only _uhttp://www.loc.gov/catdir/enhancements/fy0813/2004103117-t.html |
| 942 |
_2ddc _cBK |
||
| 999 |
_c178429 _d178429 |
||